[Event "DVM U14w 2017"]
[Site "Neumünster GER"]
[Date "2017.12.29"]
[Round "6"]
[White "Berelowitsch, Dana"]
[Black "Schneider, Katharina"]
[Result "1/2-1/2"]
[Termination "normal"]
[Board "1.2"]
[WhiteElo "1648"]
[BlackElo "1638"]
[WhiteClock "00:22:50"]
[BlackClock "00:55:33"]
[WhiteTeam "SG Solingen"]
[BlackTeam "SF Sasbach"]
[PlyCount "82"]
[WhiteFideId "12977144"]
[BlackFideId "16200519"]
[EventCountry "GER"]
[EventRounds "7"]
[EventType "team-swiss"]
[EventDate "2017.12.26"]

1. e4 {[%clk 1:30:58]} e5 {[%clk 1:30:56]} 2. Nf3 {[%clk 1:31:25]} Nc6 {[%clk
1:31:20]} 3. Bb5 {[%clk 1:31:50]} a6 {[%clk 1:31:45]} 4. Ba4 {[%clk 1:32:16]}
Nf6 {[%clk 1:32:08]} 5. O-O {[%clk 1:32:40]} b5 {[%clk 1:32:11]} 6. Bb3 {[%clk
1:33:04]} d6 {[%clk 1:32:05]} 7. Re1 {[%clk 1:33:19]} Be7 {[%clk 1:32:00]} 8.
c3 {[%clk 1:33:17]} Na5 {[%clk 1:30:45]} 9. Bc2 {[%clk 1:33:18]} c5 {[%clk
1:30:06]} 10. d4 {[%clk 1:30:49]} Bg4 {[%clk 1:23:26]} 11. dxe5 {[%clk
1:28:52]} Bxf3 {[%clk 1:22:24]} 12. Qxf3 {[%clk 1:29:02]} dxe5 {[%clk 1:22:42]}
13. Qg3 {[%clk 1:24:12]} O-O {[%clk 1:19:30]} 14. Nd2 {[%clk 1:21:26]} Nc6
{[%clk 1:18:21]} 15. Nf1 {[%clk 1:18:29]} Nd7 {[%clk 1:15:02]} 16. Bh6 {[%clk
1:12:18]} Bf6 {[%clk 1:15:03]} 17. Rad1 {[%clk 1:09:22]} Kh8 {[%clk 1:13:26]}
18. Bc1 {[%clk 1:08:33]} Qc7 {[%clk 1:07:22]} 19. Ne3 {[%clk 1:08:33]} Ne7
{[%clk 1:06:51]} 20. Nd5 {[%clk 0:52:24]} Nxd5 {[%clk 1:06:54]} 21. exd5 {[%clk
0:52:18]} Rad8 {[%clk 1:01:29]} 22. Qh3 {[%clk 0:42:16]} g6 {[%clk 1:01:35]}
23. Bh6 {[%clk 0:42:00]} Bg7 {[%clk 1:01:26]} 24. d6 {[%clk 0:27:08]} Qb6
{[%clk 0:59:59]} 25. Kh1 {[%clk 0:22:40]} Bxh6 {[%clk 0:57:43]} 26. Qxh6 {[%clk
0:22:57]} Nf6 {[%clk 0:53:53]} 27. h3 {[%clk 0:19:30]} Rfe8 {[%clk 0:51:30]}
28. Qg5 {[%clk 0:17:28]} Rxd6 {[%clk 0:47:49]} 29. Rxe5 {[%clk 0:17:34]} Rxd1+
{[%clk 0:47:55]} 30. Bxd1 {[%clk 0:17:56]} Rxe5 {[%clk 0:48:10]} 31. Qxe5
{[%clk 0:18:20]} Qe6 {[%clk 0:43:13]} 32. Qxe6 {[%clk 0:16:44]} fxe6 {[%clk
0:43:22]} 33. Bf3 {[%clk 0:15:39]} Nd5 {[%clk 0:42:21]} 34. Kh2 {[%clk
0:13:40]} Kg7 {[%clk 0:42:36]} 35. Kg3 {[%clk 0:12:49]} Kf6 {[%clk 0:42:15]}
36. Bd1 {[%clk 0:04:54]} a5 {[%clk 0:35:38]} 37. Kf3 {[%clk 0:04:31]} Ke5
{[%clk 0:34:30]} 38. g3 {[%clk 0:03:53]} c4 {[%clk 0:28:06]} 39. Bc2 {[%clk
0:03:11]} b4 {[%clk 0:26:25]} 40. cxb4 {[%clk 0:02:08]} axb4 {[%clk 0:26:29]}
41. h4 {[%clk 0:22:50]} c3 {[%clk 0:55:33]} 1/2-1/2

[Event "DVM U14w 2017"]
[Site "Neumünster GER"]
[Date "2017.12.29"]
[Round "6"]
[White "Schneider, Anna"]
[Black "Kublanov, Elizabeth"]
[Result "0-1"]
[Termination "normal"]
[Board "1.3"]
[WhiteElo "1374"]
[BlackElo "1561"]
[WhiteClock "01:03:26"]
[BlackClock "00:09:45"]
[WhiteTeam "SF Sasbach"]
[BlackTeam "SG Solingen"]
[PlyCount "80"]
[WhiteFideId "16200527"]
[BlackFideId "12944564"]
[EventCountry "GER"]
[EventRounds "7"]
[EventType "team-swiss"]
[EventDate "2017.12.26"]

1. e4 {[%clk 1:30:58]} e6 {[%clk 1:30:48]} 2. Nf3 {[%clk 1:31:11]} d5 {[%clk
1:30:40]} 3. exd5 {[%clk 1:31:13]} exd5 {[%clk 1:30:49]} 4. d4 {[%clk 1:31:29]}
Bg4 {[%clk 1:30:56]} 5. Be2 {[%clk 1:31:27]} Nf6 {[%clk 1:30:15]} 6. h3 {[%clk
1:31:21]} Bh5 {[%clk 1:30:29]} 7. Bf4 {[%clk 1:31:05]} Nc6 {[%clk 1:29:41]} 8.
c3 {[%clk 1:31:02]} Bd6 {[%clk 1:26:10]} 9. Bxd6 {[%clk 1:29:05]} Qxd6 {[%clk
1:25:48]} 10. O-O {[%clk 1:29:00]} O-O {[%clk 1:24:50]} 11. Nbd2 {[%clk
1:28:12]} Rae8 {[%clk 1:14:27]} 12. Re1 {[%clk 1:25:58]} Ne4 {[%clk 1:09:22]}
13. Nxe4 {[%clk 1:23:47]} dxe4 {[%clk 1:07:50]} 14. Nd2 {[%clk 1:23:56]} Bg6
{[%clk 1:03:31]} 15. Bg4 {[%clk 1:23:12]} Kh8 {[%clk 1:01:20]} 16. Re3 {[%clk
1:19:27]} f5 {[%clk 1:00:18]} 17. Bh5 {[%clk 1:19:36]} f4 {[%clk 0:58:53]} 18.
Re1 {[%clk 1:18:37]} f3 {[%clk 0:56:39]} 19. gxf3 {[%clk 1:18:38]} Bxh5 {[%clk
0:55:57]} 20. Nxe4 {[%clk 1:17:49]} Qg6+ {[%clk 0:53:14]} 21. Ng3 {[%clk
1:17:25]} Rxe1+ {[%clk 0:47:45]} 22. Qxe1 {[%clk 1:17:36]} Bxf3 {[%clk
0:47:25]} 23. Qe3 {[%clk 1:16:00]} Bd5 {[%clk 0:45:31]} 24. a3 {[%clk 1:15:29]}
Be6 {[%clk 0:23:03]} 25. Kh2 {[%clk 1:14:47]} Qc2 {[%clk 0:19:17]} 26. Rf1
{[%clk 1:11:48]} Bc4 {[%clk 0:18:38]} 27. Kg1 {[%clk 1:07:45]} Bxf1 {[%clk
0:18:30]} 28. Kxf1 {[%clk 1:07:46]} Qxb2 {[%clk 0:17:13]} 29. a4 {[%clk
1:07:15]} Qa1+ {[%clk 0:15:43]} 30. Kg2 {[%clk 1:07:21]} Qxa4 {[%clk 0:15:37]}
31. Nf5 {[%clk 1:05:10]} Qa5 {[%clk 0:11:53]} 32. Ng3 {[%clk 1:04:54]} Qd5+
{[%clk 0:11:28]} 33. Kg1 {[%clk 1:04:55]} a5 {[%clk 0:11:02]} 34. Qe1 {[%clk
1:04:26]} a4 {[%clk 0:11:09]} 35. Qd1 {[%clk 1:04:17]} a3 {[%clk 0:11:04]} 36.
Qa1 {[%clk 1:04:10]} a2 {[%clk 0:10:06]} 37. Qb2 {[%clk 1:02:59]} Ra8 {[%clk
0:09:01]} 38. Qa1 {[%clk 1:03:06]} Qb3 {[%clk 0:09:10]} 39. Kg2 {[%clk
1:03:05]} Qb1 {[%clk 0:09:26]} 40. Qxb1 {[%clk 1:03:26]} axb1=Q {[%clk
0:09:45]} 0-1

[Event "DVM U14w 2017"]
[Site "Neumünster GER"]
[Date "2017.12.29"]
[Round "6"]
[White "Bashylina, Luisa"]
[Black "Eisele, Lea Carolin"]
[Result "1-0"]
[Termination "normal"]
[Board "1.4"]
[WhiteElo "1700"]
[BlackElo "751"]
[WhiteClock "01:29:49"]
[BlackClock "01:06:41"]
[WhiteTeam "SG Solingen"]
[BlackTeam "SF Sasbach"]
[PlyCount "51"]
[WhiteFideId "12983292"]
[BlackFideId "16255780"]
[EventCountry "GER"]
[EventRounds "7"]
[EventType "team-swiss"]
[EventDate "2017.12.26"]

1. e4 {[%clk 1:30:58]} e5 {[%clk 1:30:53]} 2. Nf3 {[%clk 1:31:25]} Nc6 {[%clk
1:31:11]} 3. d4 {[%clk 1:31:52]} exd4 {[%clk 1:31:35]} 4. Nxd4 {[%clk 1:32:18]}
Nf6 {[%clk 1:31:49]} 5. Nxc6 {[%clk 1:32:43]} bxc6 {[%clk 1:32:13]} 6. Bd3
{[%clk 1:32:54]} Bb4+ {[%clk 1:30:43]} 7. c3 {[%clk 1:32:11]} Bc5 {[%clk
1:28:04]} 8. O-O {[%clk 1:32:24]} Ng4 {[%clk 1:28:27]} 9. Qxg4 {[%clk 1:32:35]}
d6 {[%clk 1:28:31]} 10. Qxg7 {[%clk 1:32:46]} Rf8 {[%clk 1:17:17]} 11. Bh6
{[%clk 1:32:53]} Qe7 {[%clk 1:16:44]} 12. Qxh7 {[%clk 1:31:20]} d5 {[%clk
1:08:32]} 13. Bxf8 {[%clk 1:30:24]} Qxf8 {[%clk 1:08:49]} 14. exd5 {[%clk
1:30:27]} cxd5 {[%clk 1:08:53]} 15. Bb5+ {[%clk 1:29:57]} Bd7 {[%clk 1:09:12]}
16. Re1+ {[%clk 1:29:56]} Be7 {[%clk 1:09:28]} 17. Bxd7+ {[%clk 1:30:07]} Kxd7
{[%clk 1:09:48]} 18. Nd2 {[%clk 1:29:50]} Rb8 {[%clk 1:09:58]} 19. Qf5+ {[%clk
1:29:52]} Ke8 {[%clk 1:07:32]} 20. Qxd5 {[%clk 1:29:52]} Rd8 {[%clk 1:07:48]}
21. Qc6+ {[%clk 1:29:53]} Rd7 {[%clk 1:07:40]} 22. Ne4 {[%clk 1:30:06]} Qg7
{[%clk 1:06:48]} 23. Nf6+ {[%clk 1:29:50]} Kf8 {[%clk 1:06:38]} 24. Nxd7+
{[%clk 1:29:43]} Ke8 {[%clk 1:06:54]} 25. Nf6+ {[%clk 1:29:49]} Kf8 {[%clk
1:06:41]} 26. Qe8# 1-0

[Event "DVM U14w 2017"]
[Site "Neumünster GER"]
[Date "2017.12.29"]
[Round "6"]
[White "Peglau, Mirjam"]
[Black "Rudolph, Eva"]
[Result "0-1"]
[Termination "normal"]
[Board "2.1"]
[WhiteElo "1642"]
[BlackElo "1757"]
[WhiteClock "00:57:59"]
[BlackClock "00:46:53"]
[WhiteTeam "Schachzentrum Seeblick"]
[BlackTeam "Düsseldorfer SK"]
[PlyCount "46"]
[WhiteFideId "16211138"]
[BlackFideId "16200594"]
[EventCountry "GER"]
[EventRounds "7"]
[EventType "team-swiss"]
[EventDate "2017.12.26"]

1. c4 e5 {[%clk 1:30:55]} 2. Nc3 {[%clk 1:31:20]} Nc6 {[%clk 1:31:12]} 3. Nf3
{[%clk 1:29:14]} f5 {[%clk 1:30:23]} 4. d3 {[%clk 1:28:24]} Nf6 {[%clk
1:30:22]} 5. g3 {[%clk 1:27:47]} Bb4 {[%clk 1:29:17]} 6. Bd2 {[%clk 1:27:21]}
d6 {[%clk 1:28:14]} 7. Bg2 {[%clk 1:27:36]} O-O {[%clk 1:27:43]} 8. O-O {[%clk
1:28:02]} Bxc3 {[%clk 1:26:11]} 9. bxc3 {[%clk 1:28:00]} Qe8 {[%clk 1:24:55]}
10. Rb1 {[%clk 1:24:44]} Qh5 {[%clk 1:21:16]} 11. Ne1 {[%clk 1:19:19]} f4
{[%clk 1:15:46]} 12. Nc2 {[%clk 1:14:04]} Bh3 {[%clk 1:11:57]} 13. f3 {[%clk
1:04:23]} Bxg2 {[%clk 1:02:41]} 14. Kxg2 {[%clk 1:04:51]} Qg6 {[%clk 1:01:37]}
15. Rxb7 {[%clk 1:03:00]} Ne7 {[%clk 0:57:03]} 16. g4 {[%clk 0:58:38]} h5
{[%clk 0:55:05]} 17. h3 {[%clk 0:57:56]} hxg4 {[%clk 0:51:43]} 18. hxg4 {[%clk
0:58:23]} Nxg4 {[%clk 0:50:58]} 19. fxg4 {[%clk 0:58:10]} Qxg4+ {[%clk
0:50:28]} 20. Kh1 {[%clk 0:58:18]} Qh3+ {[%clk 0:49:17]} 21. Kg1 {[%clk
0:58:46]} Qg3+ 22. Kh1 Rf6 {[%clk 0:46:43]} 23. Bxf4 {[%clk 0:57:59]} exf4
{[%clk 0:46:53]} 0-1

[Event "DVM U14w 2017"]
[Site "Neumünster GER"]
[Date "2017.12.29"]
[Round "6"]
[White "Sokolowski, Judith"]
[Black "Peglau, Sarah"]
[Result "1-0"]
[Termination "normal"]
[Board "2.2"]
[WhiteElo "1351"]
[BlackElo "1241"]
[WhiteClock "00:28:48"]
[BlackClock "00:27:44"]
[WhiteTeam "Düsseldorfer SK"]
[BlackTeam "Schachzentrum Seeblick"]
[PlyCount "91"]
[WhiteFideId "16200624"]
[BlackFideId "16219961"]
[EventCountry "GER"]
[EventRounds "7"]
[EventType "team-swiss"]
[EventDate "2017.12.26"]

1. e4 {[%clk 1:30:58]} e6 {[%clk 1:30:57]} 2. d4 {[%clk 1:31:17]} d5 {[%clk
1:31:23]} 3. e5 {[%clk 1:31:37]} c5 {[%clk 1:31:45]} 4. dxc5 {[%clk 1:32:00]}
Bxc5 {[%clk 1:31:46]} 5. Bd3 {[%clk 1:32:21]} Nc6 {[%clk 1:31:39]} 6. Nf3
{[%clk 1:32:22]} Nge7 {[%clk 1:30:22]} 7. O-O {[%clk 1:32:03]} Ng6 {[%clk
1:27:57]} 8. Re1 {[%clk 1:27:51]} Qb6 {[%clk 1:22:28]} 9. Re2 {[%clk 1:15:27]}
Bd7 {[%clk 1:14:46]} 10. c3 {[%clk 1:12:16]} O-O {[%clk 1:12:40]} 11. b4 {[%clk
1:03:36]} Be7 {[%clk 1:12:20]} 12. a4 {[%clk 0:57:05]} Rac8 {[%clk 1:08:16]}
13. Na3 {[%clk 0:49:50]} a5 {[%clk 0:48:02]} 14. b5 {[%clk 0:44:42]} Nb8 {[%clk
0:46:01]} 15. Bd2 {[%clk 0:41:24]} Qa7 {[%clk 0:35:49]} 16. Nc2 {[%clk
0:38:40]} Rc7 {[%clk 0:33:59]} 17. Ncd4 {[%clk 0:34:29]} Bc8 {[%clk 0:32:42]}
18. b6 {[%clk 0:19:08]} Qxb6 {[%clk 0:31:31]} 19. Rb1 {[%clk 0:19:24]} Qc5
{[%clk 0:18:03]} 20. Be3 {[%clk 0:19:23]} Nd7 {[%clk 0:08:59]} 21. Nb5 {[%clk
0:12:06]} Qc6 {[%clk 0:09:15]} 22. Na7 {[%clk 0:11:22]} Qxc3 {[%clk 0:09:04]}
23. Rc2 {[%clk 0:11:19]} Qxc2 {[%clk 0:09:00]} 24. Bxc2 {[%clk 0:11:44]} Ndxe5
25. Nxe5 {[%clk 0:11:43]} Nxe5 {[%clk 0:09:30]} 26. Bf4 {[%clk 0:11:12]} f6
{[%clk 0:08:11]} 27. Nb5 {[%clk 0:09:19]} Rc4 {[%clk 0:08:15]} 28. Be3 {[%clk
0:08:03]} Nc6 {[%clk 0:07:16]} 29. Bd3 {[%clk 0:07:16]} Rb4 {[%clk 0:07:03]}
30. Qh5 {[%clk 0:06:07]} f5 {[%clk 0:06:59]} 31. Rxb4 {[%clk 0:05:26]} axb4
{[%clk 0:07:23]} 32. Bg5 {[%clk 0:03:39]} Bc5 {[%clk 0:07:19]} 33. Qe2 {[%clk
0:03:38]} b3 {[%clk 0:06:26]} 34. Qb2 {[%clk 0:03:11]} Na5 {[%clk 0:06:39]} 35.
Bd2 {[%clk 0:03:09]} Nc4 {[%clk 0:05:50]} 36. Bxc4 dxc4 {[%clk 0:06:17]} 37.
Bc3 {[%clk 0:02:17]} Rd8 {[%clk 0:06:10]} 38. h3 {[%clk 0:02:14]} g6 {[%clk
0:03:51]} 39. Bh8 {[%clk 0:02:18]} Rd7 {[%clk 0:03:28]} 40. Bc3 {[%clk
0:02:26]} b6 {[%clk 0:02:45]} 41. Qe2 {[%clk 0:29:10]} Rd3 {[%clk 0:29:58]} 42.
Qe5 {[%clk 0:28:25]} Bf8 {[%clk 0:26:56]} 43. Qh8+ {[%clk 0:28:29]} Kf7 {[%clk
0:27:22]} 44. Qxh7+ {[%clk 0:28:37]} Ke8 {[%clk 0:27:46]} 45. Nc7+ {[%clk
0:28:35]} Kd8 {[%clk 0:27:44]} 46. Bf6+ {[%clk 0:28:48]} 1-0

[Event "DVM U14w 2017"]
[Site "Neumünster GER"]
[Date "2017.12.29"]
[Round "6"]
[White "Peglau, Charis"]
[Black "Kogan, Dina Rachel"]
[Result "1-0"]
[Termination "normal"]
[Board "2.3"]
[WhiteElo "1193"]
[BlackElo "1345"]
[WhiteClock "00:31:58"]
[BlackClock "00:29:23"]
[WhiteTeam "Schachzentrum Seeblick"]
[BlackTeam "Düsseldorfer SK"]
[PlyCount "129"]
[WhiteFideId "16219996"]
[BlackFideId "16200608"]
[EventCountry "GER"]
[EventRounds "7"]
[EventType "team-swiss"]
[EventDate "2017.12.26"]

1. e4 {[%clk 1:30:58]} c5 {[%clk 1:30:55]} 2. Nf3 {[%clk 1:31:20]} d6 {[%clk
1:31:18]} 3. d4 {[%clk 1:31:44]} cxd4 {[%clk 1:31:28]} 4. Nxd4 {[%clk 1:32:05]}
Nf6 {[%clk 1:31:53]} 5. f3 {[%clk 1:32:21]} g6 {[%clk 1:32:08]} 6. c4 {[%clk
1:32:42]} Bg7 {[%clk 1:31:56]} 7. Nc3 {[%clk 1:32:53]} Nc6 {[%clk 1:31:03]} 8.
Be3 {[%clk 1:33:02]} O-O {[%clk 1:30:44]} 9. Be2 {[%clk 1:33:16]} Bd7 {[%clk
1:29:47]} 10. O-O {[%clk 1:28:35]} a6 {[%clk 1:27:54]} 11. Qd2 {[%clk 1:26:10]}
Nh5 {[%clk 1:23:45]} 12. Nd5 {[%clk 1:21:28]} Rc8 {[%clk 1:14:22]} 13. Rac1
{[%clk 1:16:47]} Nxd4 {[%clk 1:08:52]} 14. Bxd4 {[%clk 1:15:04]} e5 {[%clk
1:09:18]} 15. Be3 {[%clk 1:14:16]} f5 {[%clk 1:08:03]} 16. exf5 {[%clk
1:09:04]} gxf5 {[%clk 1:07:05]} 17. Kh1 {[%clk 0:44:12]} f4 {[%clk 1:06:50]}
18. Bf2 {[%clk 0:43:20]} Qg5 {[%clk 1:05:18]} 19. Rg1 {[%clk 0:37:53]} Ng3+
{[%clk 1:04:25]} 20. Bxg3 {[%clk 0:38:11]} Rf5 {[%clk 1:03:32]} 21. Bf2 {[%clk
0:35:34]} Re8 {[%clk 1:00:59]} 22. Nb6 {[%clk 0:30:06]} Qh6 {[%clk 0:48:10]}
23. g4 {[%clk 0:25:36]} fxg3 {[%clk 0:47:13]} 24. Qxh6 {[%clk 0:25:23]} Bxh6
{[%clk 0:46:43]} 25. Rxg3+ {[%clk 0:25:43]} Kf7 {[%clk 0:44:28]} 26. Rd1 {[%clk
0:25:16]} Ke6 {[%clk 0:43:14]} 27. c5 {[%clk 0:23:33]} Bf8 {[%clk 0:40:15]} 28.
Nxd7 {[%clk 0:22:42]} Kxd7 {[%clk 0:40:22]} 29. cxd6 {[%clk 0:22:29]} e4 {[%clk
0:39:58]} 30. Bb6 {[%clk 0:21:15]} Bxd6 {[%clk 0:35:55]} 31. fxe4 {[%clk
0:19:37]} Kc6 {[%clk 0:33:25]} 32. Rb3 {[%clk 0:19:10]} Rf4 {[%clk 0:30:20]}
33. Bd3 {[%clk 0:17:10]} Rh4 {[%clk 0:29:55]} 34. Rc1+ {[%clk 0:15:23]} Kd7
{[%clk 0:29:21]} 35. Rc2 {[%clk 0:14:45]} Re5 {[%clk 0:27:10]} 36. Bg1 {[%clk
0:13:55]} Reh5 {[%clk 0:22:44]} 37. Rxb7+ {[%clk 0:13:26]} Ke6 {[%clk 0:23:02]}
38. Rb6 {[%clk 0:12:01]} Ke7 {[%clk 0:21:43]} 39. Rxa6 {[%clk 0:11:46]} Rh6
{[%clk 0:18:21]} 40. Ra7+ {[%clk 0:10:17]} Ke6 {[%clk 0:18:19]} 41. Bc4+ {[%clk
0:09:46]} Ke5 {[%clk 0:17:59]} 42. Bd5 {[%clk 0:09:32]} Rf4 {[%clk 0:14:42]}
43. Bf2 {[%clk 0:07:49]} Rf3 {[%clk 0:12:37]} 44. Rd2 {[%clk 0:03:59]} Rh5
{[%clk 0:07:00]} 45. Bd4+ {[%clk 0:01:04]} Kf4 {[%clk 0:07:11]} 46. Rf7+ {[%clk
0:01:13]} Kg4 {[%clk 0:06:11]} 47. Be6+ {[%clk 0:29:56]} Rhf5 {[%clk 0:30:11]}
48. Rxf5 {[%clk 0:29:25]} Rxf5 {[%clk 0:28:15]} 49. exf5 {[%clk 0:29:21]} Bf8
{[%clk 0:27:54]} 50. f6+ {[%clk 0:29:23]} Kg5 {[%clk 0:27:30]} 51. f7 {[%clk
0:29:42]} h5 {[%clk 0:27:30]} 52. Rg2+ {[%clk 0:29:57]} Kf4 {[%clk 0:27:35]}
53. Rg8 {[%clk 0:30:05]} Be7 {[%clk 0:27:23]} 54. Re8 {[%clk 0:29:31]} Bd6
{[%clk 0:27:28]} 55. Bf6 {[%clk 0:29:25]} h4 {[%clk 0:27:24]} 56. Be7 {[%clk
0:29:45]} Bxe7 {[%clk 0:27:26]} 57. Rxe7 {[%clk 0:30:10]} h3 {[%clk 0:27:17]}
58. f8=Q+ {[%clk 0:30:31]} Ke3 {[%clk 0:27:41]} 59. Bxh3+ {[%clk 0:30:32]} Kd3
{[%clk 0:27:52]} 60. Qd8+ {[%clk 0:30:54]} Kc2 {[%clk 0:28:10]} 61. Rc7+ {[%clk
0:31:13]} Kb1 {[%clk 0:28:26]} 62. Qd1+ {[%clk 0:31:35]} Kxa2 {[%clk 0:28:42]}
63. Be6+ {[%clk 0:31:41]} Kxb2 {[%clk 0:29:06]} 64. Qb3+ {[%clk 0:32:04]} Ka1
{[%clk 0:29:23]} 65. Qa2# {[%clk 0:31:58]} 1-0

[Event "DVM U14w 2017"]
[Site "Neumünster GER"]
[Date "2017.12.29"]
[Round "6"]
[White "Orlova, Alicia"]
[Black "Peglau, Dora"]
[Result "0-1"]
[Termination "normal"]
[Board "2.4"]
[WhiteElo "1511"]
[BlackElo "1159"]
[WhiteClock "00:13:27"]
[BlackClock "00:13:25"]
[WhiteTeam "Düsseldorfer SK"]
[BlackTeam "Schachzentrum Seeblick"]
[PlyCount "112"]
[WhiteFideId "34154563"]
[BlackFideId "16220005"]
[EventCountry "GER"]
[EventRounds "7"]
[EventType "team-swiss"]
[EventDate "2017.12.26"]

1. e4 {[%clk 1:30:58]} c5 {[%clk 1:30:53]} 2. Nc3 {[%clk 1:31:14]} Nc6 {[%clk
1:31:10]} 3. g3 {[%clk 1:31:16]} g6 {[%clk 1:31:27]} 4. Bg2 {[%clk 1:31:17]}
Bg7 {[%clk 1:31:48]} 5. d3 {[%clk 1:31:20]} e5 {[%clk 1:31:54]} 6. Be3 {[%clk
1:30:44]} Nd4 {[%clk 1:32:01]} 7. Nge2 {[%clk 1:29:39]} Ne7 {[%clk 1:31:21]} 8.
Qd2 {[%clk 1:28:07]} O-O {[%clk 1:27:33]} 9. O-O {[%clk 1:27:13]} d6 {[%clk
1:27:00]} 10. h3 {[%clk 1:23:53]} Re8 {[%clk 1:24:18]} 11. g4 {[%clk 1:22:25]}
b5 {[%clk 1:20:06]} 12. Ng3 {[%clk 1:20:40]} Be6 {[%clk 1:13:29]} 13. Nce2
{[%clk 1:17:58]} a6 {[%clk 1:11:17]} 14. c3 {[%clk 1:17:14]} Ndc6 {[%clk
1:10:58]} 15. Bh6 {[%clk 1:16:06]} Bh8 {[%clk 1:11:00]} 16. g5 {[%clk 1:15:55]}
Qd7 {[%clk 1:10:37]} 17. Kh2 {[%clk 1:13:56]} Rad8 {[%clk 1:05:26]} 18. Qe3
{[%clk 1:10:11]} Rc8 {[%clk 1:00:54]} 19. f4 {[%clk 1:08:24]} Qc7 {[%clk
0:57:01]} 20. Rf3 {[%clk 1:03:57]} exf4 {[%clk 0:53:36]} 21. Rxf4 {[%clk
1:00:25]} Ne5 {[%clk 0:51:50]} 22. Ng1 {[%clk 0:58:10]} d5 {[%clk 0:50:48]} 23.
d4 {[%clk 0:55:17]} cxd4 {[%clk 0:48:59]} 24. cxd4 {[%clk 0:54:51]} Nc4 {[%clk
0:49:03]} 25. Qf2 {[%clk 0:53:40]} Nxb2 {[%clk 0:48:36]} 26. Qe3 {[%clk
0:46:36]} Qc3 {[%clk 0:46:22]} 27. Qxc3 {[%clk 0:44:49]} Rxc3 {[%clk 0:46:42]}
28. N1e2 {[%clk 0:42:22]} Rd3 {[%clk 0:44:38]} 29. e5 {[%clk 0:41:04]} Nc6
{[%clk 0:39:41]} 30. Raf1 {[%clk 0:39:59]} Nc4 {[%clk 0:38:43]} 31. R4f2 {[%clk
0:32:16]} Rd2 {[%clk 0:37:47]} 32. Bf3 {[%clk 0:28:48]} Rxa2 {[%clk 0:36:48]}
33. Bg4 {[%clk 0:22:06]} Ne3 {[%clk 0:36:28]} 34. Rc1 {[%clk 0:21:21]} Nxg4+
{[%clk 0:35:17]} 35. hxg4 {[%clk 0:21:28]} Nxd4 {[%clk 0:35:13]} 36. Rcf1
{[%clk 0:19:28]} Nxe2 {[%clk 0:32:45]} 37. Nxe2 {[%clk 0:19:25]} Bxe5+ {[%clk
0:31:57]} 38. Kh3 {[%clk 0:19:05]} Rc8 {[%clk 0:30:21]} 39. Nf4 {[%clk
0:15:12]} Rxf2 {[%clk 0:30:22]} 40. Rxf2 {[%clk 0:15:33]} Rc3+ {[%clk 0:29:03]}
41. Kg2 {[%clk 0:14:15]} Bxf4 {[%clk 0:27:08]} 42. Rxf4 {[%clk 0:14:20]} Rc4
{[%clk 0:27:18]} 43. Rf2 {[%clk 0:13:58]} Rxg4+ {[%clk 0:26:56]} 44. Kf3 {[%clk
0:13:49]} Re4 {[%clk 0:26:56]} 45. Rc2 {[%clk 0:13:54]} Rc4 {[%clk 0:26:37]}
46. Ra2 {[%clk 0:14:09]} Ra4 {[%clk 0:25:42]} 47. Rc2 {[%clk 0:14:27]} Rc4
{[%clk 0:25:55]} 48. Ra2 {[%clk 0:14:43]} Ra4 {[%clk 0:24:47]} 49. Rc2 {[%clk
0:14:57]} Rc4 {[%clk 0:13:23]} 50. Ra2 {[%clk 0:13:58]} b4 {[%clk 0:13:29]} 51.
Rxa6 {[%clk 0:13:21]} Rc3+ {[%clk 0:13:14]} 52. Ke2 {[%clk 0:13:11]} b3 {[%clk
0:13:13]} 53. Ra8+ {[%clk 0:13:22]} Rc8 {[%clk 0:13:33]} 54. Ra3 {[%clk
0:13:31]} d4 {[%clk 0:13:37]} 55. Kd3 {[%clk 0:13:24]} b2 {[%clk 0:13:09]} 56.
Kxd4 {[%clk 0:13:27]} b1=Q {[%clk 0:13:25]} 0-1

[Event "DVM U14w 2017"]
[Site "Neumünster GER"]
[Date "2017.12.29"]
[Round "6"]
[White "Meijerink, Inken"]
[Black "Doll, Rebecca"]
[Result "1-0"]
[Termination "normal"]
[Board "3.1"]
[WhiteElo "1638"]
[BlackElo "1496"]
[WhiteClock "00:47:38"]
[BlackClock "00:25:34"]
[WhiteTeam "SK Nordhorn-Blanke"]
[BlackTeam "Karlsruher SF"]
[PlyCount "101"]
[WhiteFideId "16225465"]
[BlackFideId "16236890"]
[EventCountry "GER"]
[EventRounds "7"]
[EventType "team-swiss"]
[EventDate "2017.12.26"]

1. e4 {[%clk 1:30:55]} e5 {[%clk 1:30:53]} 2. Nf3 {[%clk 1:31:17]} Nc6 {[%clk
1:31:20]} 3. Bc4 {[%clk 1:31:36]} Bc5 {[%clk 1:31:39]} 4. O-O {[%clk 1:31:56]}
d6 {[%clk 1:32:02]} 5. d4 {[%clk 1:27:57]} Bb6 {[%clk 1:31:58]} 6. dxe5 {[%clk
1:27:13]} Bg4 {[%clk 1:26:06]} 7. h3 {[%clk 1:25:56]} Bxf3 {[%clk 1:25:28]} 8.
Qxf3 {[%clk 1:18:55]} Nxe5 {[%clk 1:25:40]} 9. Qc3 {[%clk 1:15:01]} Nf6 {[%clk
1:23:52]} 10. Nd2 {[%clk 1:11:10]} O-O {[%clk 1:22:13]} 11. Be2 {[%clk
1:10:18]} Re8 {[%clk 1:20:48]} 12. Kh1 {[%clk 1:08:31]} Nc6 {[%clk 1:09:36]}
13. Bd3 {[%clk 1:07:36]} d5 {[%clk 1:08:08]} 14. exd5 {[%clk 1:00:45]} Nxd5
{[%clk 1:08:07]} 15. Qb3 {[%clk 0:58:38]} a5 {[%clk 0:57:15]} 16. Bc4 {[%clk
0:53:59]} a4 {[%clk 0:56:18]} 17. Qg3 {[%clk 0:52:28]} Re6 {[%clk 0:47:00]} 18.
Qf3 {[%clk 0:50:19]} Rd6 {[%clk 0:40:25]} 19. Ne4 {[%clk 0:41:27]} Ne5 {[%clk
0:37:58]} 20. Qe2 {[%clk 0:41:16]} Nxc4 {[%clk 0:34:09]} 21. Qxc4 {[%clk
0:41:22]} Rc6 {[%clk 0:28:52]} 22. Qe2 {[%clk 0:40:51]} Re6 {[%clk 0:26:51]}
23. Qg4 {[%clk 0:37:28]} Qe7 {[%clk 0:25:17]} 24. Ng3 {[%clk 0:36:15]} Rg6
{[%clk 0:22:44]} 25. Qf3 {[%clk 0:35:32]} Rd8 {[%clk 0:22:14]} 26. Bd2 {[%clk
0:32:45]} Rf6 {[%clk 0:21:37]} 27. Bg5 {[%clk 0:30:57]} Rxf3 {[%clk 0:11:26]}
28. Bxe7 {[%clk 0:31:04]} Rxg3 {[%clk 0:11:11]} 29. Bxd8 {[%clk 0:31:00]} Rg6
{[%clk 0:10:23]} 30. Rad1 {[%clk 0:29:46]} Nf4 {[%clk 0:10:11]} 31. Bg5 {[%clk
0:29:13]} Ne6 {[%clk 0:10:29]} 32. Be3 {[%clk 0:27:25]} Bxe3 {[%clk 0:09:53]}
33. fxe3 {[%clk 0:27:45]} h6 {[%clk 0:09:31]} 34. Rd7 {[%clk 0:26:54]} Rf6
{[%clk 0:06:27]} 35. Rxf6 {[%clk 0:26:52]} gxf6 {[%clk 0:06:49]} 36. Rd5 {[%clk
0:27:07]} b6 {[%clk 0:06:44]} 37. Kh2 {[%clk 0:25:49]} Kf8 {[%clk 0:05:43]} 38.
Kg3 {[%clk 0:25:50]} Ke7 {[%clk 0:05:39]} 39. Rh5 {[%clk 0:25:46]} Ng7 {[%clk
0:05:12]} 40. Rb5 {[%clk 0:25:37]} Ne6 {[%clk 0:03:06]} 41. Rb4 {[%clk
0:25:38]} a3 {[%clk 0:03:16]} 42. b3 {[%clk 0:24:41]} Nc5 {[%clk 0:02:44]} 43.
Rc4 {[%clk 0:19:03]} Kd6 {[%clk 0:01:50]} 44. b4 {[%clk 0:18:11]} Na4 {[%clk
0:29:58]} 45. Rd4+ {[%clk 0:49:02]} Ke5 {[%clk 0:29:16]} 46. Rd3 {[%clk
0:48:44]} Nb2 {[%clk 0:27:35]} 47. Rxa3 {[%clk 0:48:30]} Nc4 {[%clk 0:24:57]}
48. Rc3 {[%clk 0:48:23]} b5 {[%clk 0:25:08]} 49. a4 {[%clk 0:48:21]} c6 {[%clk
0:25:21]} 50. a5 {[%clk 0:48:15]} Kd6 {[%clk 0:25:34]} 51. Kf4 {[%clk 0:47:38]}
1-0